Blake: (Record no. 33366)

MARC details
000 -LEADER
fixed length control field 01111nam a2200373 a 4500
001 - CONTROL NUMBER
control field vtls000030056
003 - CONTROL NUMBER IDENTIFIER
control field NLI
005 - DATE AND TIME OF LATEST TRANSACTION
control field 20210601183244.0
008 - FIXED-LENGTH DATA ELEMENTS--GENERAL INFORMATION
fixed length control field 101125s1949 nyua 000 0 eng
020 ## - INTERNATIONAL STANDARD BOOK NUMBER
Terms of availability $ 5.00
039 #9 - LEVEL OF BIBLIOGRAPHIC CONTROL AND CODING DETAIL [OBSOLETE]
-- 201011250241
-- VLOAD
040 0# - CATALOGING SOURCE
Original cataloging agency NLI
Language of cataloging eng
Transcribing agency VERGIS-2003
041 0# - LANGUAGE CODE
Language code of text/sound track or separate title eng
044 ## - COUNTRY OF PUBLISHING/PRODUCING ENTITY CODE
MARC country code nyu
082 04 - DEWEY DECIMAL CLASSIFICATION NUMBER
Classification number 767.2
100 1# - MAIN ENTRY--PERSONAL NAME
Personal name Van Sinderen Adrian
9 (RLIN) 89641
245 10 - TITLE STATEMENT
Title Blake:
Remainder of title the mystic genius/
Statement of responsibility, etc. Adrian Van Sinderen
260 ## - PUBLICATION, DISTRIBUTION, ETC.
Place of publication, distribution, etc. Syrancuse, NY.:
Name of publisher, distributor, etc. Syrancuse University Press,
Date of publication, distribution, etc. 1949
300 ## - PHYSICAL DESCRIPTION
Extent 119 p.:
Other physical details ill.;
Dimensions 23 cm.
504 ## - BIBLIOGRAPHY, ETC. NOTE
Bibliography, etc. note Bibliogrophy: p. 119
650 #0 - SUBJECT ADDED ENTRY--TOPICAL TERM
Topical term or geographic name entry element Etching
650 #0 - SUBJECT ADDED ENTRY--TOPICAL TERM
Topical term or geographic name entry element Art
General subdivision Philosophy
650 #0 - SUBJECT ADDED ENTRY--TOPICAL TERM
Topical term or geographic name entry element Engraving
9 (RLIN) 86170
887 ## - NON-MARC INFORMATION FIELD
Content of non-MARC field Sivankalai S.
901 ## - LOCAL DATA ELEMENT A, LDA (RLIN)
a 374173
b 18/03/1965
902 ## - LOCAL DATA ELEMENT B, LDB (RLIN)
a E 767.2 V 26
903 ## - LOCAL DATA ELEMENT C, LDC (RLIN)
a 29/03/2004
904 ## - LOCAL DATA ELEMENT D, LDD (RLIN)
a Sivankalai S.
906 ## - LOCAL DATA ELEMENT F, LDF (RLIN)
a 030116
949 ## - LOCAL PROCESSING INFORMATION (OCLC)
-- VIRTUAITEM
-- 10000
-- 1
-- 100
6 PUR000374173ENG
a E 767.2 V26
942 ## - ADDED ENTRY ELEMENTS (KOHA)
Source of classification or shelving scheme Dewey Decimal Classification
Koha item type Books
Holdings
Withdrawn status Lost status Damaged status Not for loan Collection code Home library Current library Shelving location Date acquired Total Checkouts Full call number Barcode Date last seen Price effective from Koha item type
        New English National Library of India National Library of India New English - Main Stack Division     E 767.2 V 26 PUR000374173ENG 01/06/2021 01/06/2021 Books
                                                                           
web counter

Copyright ©2020 The National Library of India, Govt. of India ↔ Hosted by NVLI, MOC ↔ Technology and Design by National Library of India, Ministry of Culture, Govt. of India